|
|
|
|
| LEADER |
00000nam a22000007a 4500 |
| 005 |
20130712140759.0 |
| 007 |
cr|||| |||| |
| 008 |
130712s2011 mx |||||s|||| 00||0 spa d |
| 020 |
|
|
|a 968-856-892-9
|
| 035 |
|
|
|a 11413
|
| 040 |
|
|
|a vLex
|
| 090 |
|
|
|c 4450
|d 4450
|
| 100 |
1 |
|
|a Rojas Soriano, Ral︢
|
| 245 |
1 |
3 |
|a El arte de hablar y escribir
|h [Recurso electrn̤ico] :
|b Experiencias y recomendaciones /
|c Ral︢ Rojas Soriano
|
| 256 |
|
|
|a Servicio en ln̕ea
|
| 260 |
|
|
|a Mx̌ico D.F:
|b Plaza y Valdš Editores,
|c 2011
|
| 300 |
|
|
|a 1 recurso electrn̤ico
|
| 506 |
1 |
|
|a Contenido solo disponible en los productos indicados
|d vLex Global
|d vLex Global (Academic Edition, excluding Law Schools)
|d vLex Global (U.S. Academic Edition, Law Schools)
|d vLex Global (U.S. Academic Edition, excluding Law Schools)
|d vLex Global (Academic Edition, Law Schools)
|
| 650 |
0 |
4 |
|a Comunicacin̤
|z Mx̌ico
|
| 740 |
0 |
|
|a vLex Libros (Servicio en ln̕ea)
|
| 856 |
4 |
0 |
|u http://vlex.com/source/arte-hablar-escribir-11413
|z Acceso restringido
|
| 942 |
|
|
|c BOOK
|
| 999 |
0 |
|
|a Comunication
|